Statystyki dla Europejskie kraje z największą dostępnością do antykoncepcji

Kliknij tutaj aby rozwiązać quiz!

Ogólne statystyki

  • Ten quiz został rozwiązany 214 razy
  • Średni wynik to 13 z 15

Statystyki odpowiedzi

Procent dostępnościPaństwo% Poprawnych
90.2%Francja
97%
66%Hiszpania
97%
75.1%Niemcy
97%
87.6%Wielka Brytania
96%
72%Norwegia
95%
71.9%Szwecja
94%
81.1%Belgia
91%
90.1%Holandia
91%
78.1%Portugalia
91%
62.2%Austria
86%
65%Irlandia
81%
60.7%Słowenia
73%
61%Estonia
68%
66.4%Albania
50%
62.6%Mołdawia
44%

Rozkład punktacji

Percentyl według liczby udzielonych odpowiedzi

Procent ludzi z każdym wynikiem

Twoja historia wyników

Nie rozwiązałeś tego quizu